banner-ar

نظام الحكم فى اليهودية : (Record no. 63526)

MARC details
000 -الفاتح
حقل البيانات ثابتة الطول 00950nam a22002537a 4500
005 - وقت وتاريخ اخر تعامل مع التسجيلة
رقم الضبط 20240530110646.0
008 - عناصر البيانات ثابتة الطول - معلومات عامة
حقل البيانات ثابتة الطول 171023s2015 ua g b 000 0 ara d
017 ## - رقم الايداع القانونى
رقم الايداع القانونى 2014/7272
المصدر ( الهيئة المختصة) مصر. دار الكتب
020 ## - الرقم الدولى المعيارى للكتب
الرقم الدولى المعيارى للكتاب 9789773505769
040 ## - مصدر الفهرسة
وكالة الفهرسة الأصلية EG-CaGPL
وكالة النسخ EG-CaGPL
082 04 - رقم تصنيف ديوى العشرى
رقم الطبعة 21
رقم التصنيف 296.382\
رقم المادة م ن
100 0# - المدخل الرئيسى - إسم شخصى
الإسم الشخصى موسى معيرش .
245 10 - بيان العنوان
العنوان نظام الحكم فى اليهودية :
بقية العنوان نشأته و تطوره : دراسة تحليلية نقدية /
بيان المسئوليه,etc موسى معيرش .
250 ## - بيان الطبعة
بيان الطبعة ط.1
260 ## - PUBLICATION, DISTRIBUTION, ETC. (IMPRINT)
تاريخ النشر أو التوزيع 2015 .
300 ## - الوصف المادى
التعداد 253 ص. ؛
أبعاد الوعاء 24 سم .
504 ## - تبصرة ببليوجرافية
تبصرة ببليوجرافية,الخ ببليوجرافية : ص 239 - 244
650 07 - المدخل الاضافى بالموضوع-مصطلح موضوعى
مصدر الرأس أو المصطلح qrmak
مصطلح موضوعي اليهود
650 07 - المدخل الاضافى بالموضوع-مصطلح موضوعى
مصدر الرأس أو المصطلح qrmak
مصطلح موضوعي اليهود
التقسيم الفرعي العام الاحوال السياسية .
650 07 - المدخل الاضافى بالموضوع-مصطلح موضوعى
مصدر الرأس أو المصطلح qrmak
مصطلح موضوعي اليهود والدولة
650 07 - المدخل الاضافى بالموضوع-مصطلح موضوعى
مصدر الرأس أو المصطلح qrmak
مصطلح موضوعي اليهودية
942 ## - عناصر المدخل الإضافي( كوها)
مصدر التصنيف او مخطط الترفيف Dewey Decimal Classification
Koha [default] item type كتاب
260 ## - PUBLICATION, DISTRIBUTION, ETC. (IMPRINT)
-- القاهرة :
-- دار الكتاب الحديث ،
Holdings
حالة التراجع حالة الفقد حالة تلف ليس للاعارة المكان المؤقت الموقع الحالى موقع الترفيف تاريخ الاكتساب اجمالي اﻻعارات رقم الطلب الباركود تاريخ اخر مشاهدة تاريخ تفعيل السعر نوع وعاء كوها
        مكتبة القاهرة الكبرى مكتبة القاهرة الكبرى القاعة الرئيسية 11/12/2017   296.382\ م ن 163617 11/12/2017 11/12/2017 كتاب

Powered By

EGPV